00919nam a2200277Ia 4500001000900000003000500009005001700014008004100031010001100072020001800083040000900101082001300110100002600123245004700149260004400196300001100240440003600251503001300287650004300300901001300343902000600356905006300362942001500425999001900440952018200459dia_3457CHAP20230411111706.0220117s1987 xx 000 0 und d a173920 a0-444-42680-9 cCHAP a636.2 G7 aGravert, H. O.950473 aDayry-cattle production /c H. O. Gravert aAmsterdam, Holanda :b Elsevier,c1987 a309 p. aWorld animal science, 39154713 aI.151147 a1.Ganado lecheroxproducción9154714 a636.2 G7 aM a0000001987 -USX 0000000000ENG00 cLIBRO2ddc c173920d173920 00102ddc4051708GRALaIA_bIA_d2022-01-18eCompra Librería Patena F. 5020 / R. 24546 (27/04/1990)g498677.00i151147l0o636.2 G7pdia_3428r2022-01-18 00:00:00t1yLIBRO